Construction output rising (Record no. 118427)

MARC details
000 -LEADER
fixed length control field 01006cam a2200205 4500
001 - CONTROL NUMBER
control field WB@3612-54
008 - FIXED-LENGTH DATA ELEMENTS--GENERAL INFORMATION
fixed length control field 041209n2004 000 0 eng u
035 ## - SYSTEM CONTROL NUMBER
System control number (Sirsi) u128262
245 ## - TITLE STATEMENT
Title Construction output rising
260 ## - PUBLICATION, DISTRIBUTION, ETC.
Date of publication, distribution, etc. 2004
490 ## - SERIES STATEMENT
Series statement DTI Press Release
Volume/sequential designation (OEC-Q304) 3 December 2004 (3)
520 ## - SUMMARY, ETC.
Summary, etc. The total volume of new work in the year to the third quarter of 2004 was 7% higher compared with the previous year. The total volume of repair and maintenance work was 1% higher in the year to the third quarter of 2004 compared with the previous year. The seasonally adjusted number of employees in employment in July 2004 was 1% higher compared with April 2004 and was 8% higher when compared with July 2003. Full details are available on the website. http://www.dti.gov.uk
590 ## - LOCAL NOTE (RLIN)
Local note WB
590 ## - LOCAL NOTE (RLIN)
Local note WB
650 ## - SUBJECT ADDED ENTRY--TOPICAL TERM
Topical term or geographic name entry element CONSTRUCTION STATISTICS
650 ## - SUBJECT ADDED ENTRY--TOPICAL TERM
Topical term or geographic name entry element CONSTRUCTION OUTPUT
650 ## - SUBJECT ADDED ENTRY--TOPICAL TERM
Topical term or geographic name entry element EMPLOYMENT FIGURES
690 ## - LOCAL SUBJECT ADDED ENTRY--TOPICAL TERM (OCLC, RLIN)
Topical term or geographic name as entry element BUILDING AND CONSTRUCTION-ECONOMICS
942 ## - ADDED ENTRY ELEMENTS (KOHA)
Suppress in OPAC 0
Holdings
Withdrawn status Lost status Source of classification or shelving scheme Damaged status Not for loan Home library Current library Shelving location Date acquired Total Checkouts Full call number Barcode Date last seen Copy number Price effective from Koha item type
    Dewey Decimal Classification     London London News article 09/12/2004   WB4047-01 128262-1001 06/08/2019 1 06/08/2019 News article